书目信息 |
| 题名: |
大气污染治理的投融资机制研究
|
|
| 作者: | 蓝虹 , 方莉 著 | |
| 分册: | ||
| 出版信息: | 北京 中国金融出版社 2018.04 |
|
| 页数: | 15, 257页 | |
| 开本: | 24cm | |
| 丛书名: | 绿色金融理论体系与创新实践研究丛书 | |
| 单 册: | ||
| 中图分类: | X196 | |
| 科图分类: | ||
| 主题词: | 空气污染控制--kong qi wu ran kong zhi--投融资体制--研究--中国 | |
| 电子资源: | ||
| ISBN: | 978-7-5049-9190-4 | |
| 000 | 01270nam 2200289 450 | |
| 001 | 202019135247 | |
| 005 | 20191007123107.0 | |
| 010 | @a978-7-5049-9190-4@dCNY35.00 | |
| 100 | @a20191003d2018 em y0chiy50 ea | |
| 101 | 0 | @achi |
| 102 | @aCN@b110000 | |
| 105 | @aak a 000yy | |
| 106 | @ar | |
| 200 | 1 | @a大气污染治理的投融资机制研究@Ada qi wu ran zhi li de tou rong zi ji zhi yan jiu@f蓝虹, 方莉等著 |
| 210 | @a北京@c中国金融出版社@d2018.04 | |
| 215 | @a15, 257页@c图@d24cm | |
| 225 | 2 | @a绿色金融理论体系与创新实践研究丛书@Alv se jin rong li lun ti xi yu chuang xin shi jian yan jiu cong shu |
| 314 | @a蓝虹, 经济学博士, 中国人民大学经济学博士后。方莉, 中国人民大学人口、资源与环境经济学博士, 副研究员。 | |
| 320 | @a有书目 (第255-257页) | |
| 330 | @a本书分为五章, 内容包括: 我国大气污染及防治现状、金融支持大气污染治理行业投融资特征分析、支持大气污染治理的财政和金融政策、大气污染治理的金融工具和资金来源分析、社会资本参与大气污染防治的投融资机制和方案分析。 | |
| 410 | 0 | @12001 @a绿色金融理论体系与创新实践研究丛书 |
| 606 | 0 | @a空气污染控制@Akong qi wu ran kong zhi@x投融资体制@x研究@y中国 |
| 690 | @aX196@v5 | |
| 701 | 0 | @a蓝虹@Alan hong@4著 |
| 701 | 0 | @a方莉@Afang li@4著 |
| 801 | 0 | @aCN@c20190905 |
| 905 | @a河南城建学院图书馆@dX196@eL044 | |
| 大气污染治理的投融资机制研究/蓝虹, 方莉等著.-北京:中国金融出版社,2018.04 |
| 15, 257页:图;24cm.-(绿色金融理论体系与创新实践研究丛书) |
| ISBN 978-7-5049-9190-4:CNY35.00 |
| 本书分为五章, 内容包括: 我国大气污染及防治现状、金融支持大气污染治理行业投融资特征分析、支持大气污染治理的财政和金融政策、大气污染治理的金融工具和资金来源分析、社会资本参与大气污染防治的投融资机制和方案分析。 |
| ● |
| 相关链接 |
|
|
|
正题名:大气污染治理的投融资机制研究
索取号:X196/L044
 
预约/预借
| 序号 | 登录号 | 条形码 | 馆藏地/架位号 | 状态 | 备注 |
| 1 | 1443858 | 214438580 | 自科库501/501自科库 63排7列3层/ [索取号:X196/L044] | 在馆 | |
| 2 | 1443859 | 214438599 | 自科库501/501自科库 63排7列3层/ [索取号:X196/L044] | 在馆 |